000 00457nam a2200181Ia 4500
001 11705
003 IN-NITTTR
005 20251114233109.0
008 251113s9999||||xx |||||||||||||| ||eng||
040 _beng
040 _cIN-NITTTR
041 _aeng
082 _a004 G272I
100 _aCassel, Don
245 0 _aIntroduction to computer and information processing. /
_cCassel, Don, Jackson, Martin
700 _a Jackson, Martin
942 _2ddc
_cBK
999 _c14341
_d14341